[Event "RACC ch"]
[Site "Ottawa CAN"]
[Date "2007.01.18"]
[Round "3"]
[White "Pacey, Kevin"]
[Black "Hubley, Roger"]
[Result "1-0"]
[WhiteElo "2256"]
[BlackElo "1911"]
[PlyCount "53"]
[GameId "2160767910739478"]
[EventDate "2007.01.04"]
[EventType "swiss"]
[EventRounds "7"]
[EventCountry "CAN"]

1. d4 Nf6 2. c4 e6 3. Nf3 b6 4. g3 Ba6 5. b3 Bb4+ 6. Bd2 Be7 7. Nc3 d5 8. Bg2 O-O 9. O-O Nbd7 10. Ne5 Bb7 11. cxd5 exd5 12. Bf4 c6 13. e4 Nxe5 14. dxe5 Nxe4 15. Nxe4 dxe4 16. Bxe4 Qc8 17. Qc2 g6 18. Rad1 c5 19. Bh6 Re8 20. e6 Bxe4 21. exf7+ Kxf7 22. Qxe4 Qe6 23. Qxe6+ Kxe6 24. Rfe1+ Kf5 25. Rd5+ Kg4 26. Kg2 g5 27. Rxe7 1-0

[Event "RACC ch"]
[Site "Ottawa CAN"]
[Date "2007.01.25"]
[Round "4"]
[White "Pacey, Kevin"]
[Black "Cliff, Scott"]
[Result "1/2-1/2"]
[WhiteElo "2256"]
[BlackElo "1939"]
[PlyCount "92"]
[GameId "2160767910739479"]
[EventDate "2007.01.04"]
[EventType "swiss"]
[EventRounds "7"]
[EventCountry "CAN"]

1. d4 d5 2. Nf3 e6 3. Bg5 Be7 4. Bxe7 Qxe7 5. c4 Nf6 6. Nc3 O-O 7. e3 Nbd7 8. Qc2 c6 9. a3 b6 10. cxd5 cxd5 11. Bd3 Bb7 12. Ne5 Nxe5 13. dxe5 Ng4 14. Bxh7+ Kh8 15. h4 Nxe5 16. h5 d4 17. exd4 Bxg2 18. O-O-O Bxh1 19. Rxh1 Ng4 20. Kb1 f5 21. Bg6 Qf6 22. f3 Nh6 23. d5 Rfd8 24. Rd1 Qe5 25. Qb3 exd5 26. Nxd5 Rac8 27. Ka2 Qe6 28. Rd3 Rc5 29. Nxb6 Qxb3+ 30. Rxb3 axb6 31. Rxb6 Kg8 32. a4 Kf8 33. Rb7 Rcd5 34. b4 Rd2+ 35. Kb3 R2d3+ 36. Kc4 Rxf3 37. a5 Re3 38. a6 Re7 39. Kc5 Rxb7 40. axb7 Ke7 41. Kc6 Rd6+ 42. Kc7 Rd7+ 43. Kb6 Rd8 44. Kc7 Rd7+ 45. Kb6 Rd6+ 46. Kc7 Rd7+ 1/2-1/2

[Event "RACC ch"]
[Site "Ottawa CAN"]
[Date "2007.02.01"]
[Round "5"]
[White "Gordon, David"]
[Black "Pacey, Kevin"]
[Result "1/2-1/2"]
[WhiteElo "2271"]
[BlackElo "2241"]
[PlyCount "147"]
[GameId "2160767910739480"]
[EventDate "2007.01.04"]
[EventType "swiss"]
[EventRounds "7"]
[EventCountry "CAN"]

1. d4 d6 2. e4 Nf6 3. f3 Nc6 4. Be3 e5 5. d5 Ne7 6. Bd3 Ng6 7. Ne2 Be7 8. Qd2 Nh5 9. Nbc3 h6 10. g3 Bh3 11. Rg1 Bg5 12. Bb5+ Kf8 13. O-O-O Bxe3 14. Qxe3 a6 15. Bd3 Qg5 16. f4 exf4 17. gxf4 Qh4 18. e5 Ngxf4 19. exd6 cxd6 20. Qb6 Nxe2+ 21. Bxe2 Re8 22. Qxd6+ Kg8 23. Bxh5 Qxh5 24. Qf6 Bg4 25. Qd4 f5 26. d6 Kh7 27. d7 Rd8 28. Nd5 Rhg8 29. Rde1 Qxh2 30. Ne7 Qc7 31. Nxg8 Rxd7 32. Nf6+ gxf6 33. Qxf6 Rf7 34. Qd4 Qc6 35. Qf4 Rc7 36. c3 Rg7 37. Re5 Qg6 38. b3 b5 39. Kb2 Qc6 40. Qd4 Rd7 41. Qe3 Qd6 42. Rg2 b4 43. cxb4 Qxb4 44. Rc2 f4 45. Qc3 Qxc3+ 46. Rxc3 f3 47. Rc2 h5 48. Ra5 Rd6 49. Rg5 Kh6 50. Rg8 Rf6 51. Rf2 Be6 52. Ra8 Bd5 53. Ra7 Kg5 54. Kc3 Kf4 55. Kd4 Kg3 56. Rf1 Kg2 57. Rc1 f2 58. Rg7+ Kh3 59. Kxd5 f1=Q 60. Rxf1 Rxf1 61. a4 h4 62. b4 Rf4 63. Kc5 Rg4 64. Rd7 Rg5+ 65. Kb6 Rg6+ 66. Ka5 Kg2 67. Rd2+ Kg3 68. Rd3+ Kg2 69. Rd2+ Kg3 70. Rd1 Kg2 71. b5 axb5 72. axb5 h3 73. Rd2+ Kg1 74. Rd1+ 1/2-1/2

[Event "RACC ch"]
[Site "Ottawa CAN"]
[Date "2007.02.08"]
[Round "6"]
[White "Pacey, Kevin"]
[Black "Kuryliw, Ray"]
[Result "1-0"]
[WhiteElo "2241"]
[BlackElo "2115"]
[PlyCount "61"]
[GameId "2160767910739481"]
[EventDate "2007.01.04"]
[EventType "swiss"]
[EventRounds "7"]
[EventCountry "CAN"]

1. d4 e6 2. c4 Nf6 3. Nf3 d5 4. g3 Nbd7 5. Bg2 c6 6. O-O dxc4 7. a4 a5 8. Nbd2 Nb6 9. Qc2 Nfd5 10. Nxc4 Nb4 11. Qc3 Be7 12. Nxb6 Qxb6 13. Bg5 f6 14. Bd2 O-O 15. e4 Rd8 16. Be3 Qa6 17. Rfd1 b5 18. Nd2 Bd7 19. Nb3 Qc8 20. axb5 cxb5 21. Rxa5 Rxa5 22. Nxa5 Qb8 23. d5 exd5 24. exd5 Rc8 25. Nc6 Nxc6 26. dxc6 Be6 27. Bf4 Qa7 28. Re1 Kf7 29. Rxe6 Kxe6 30. Qb3+ Kf5 31. Qd3+ 1-0

[Event "RACC ch"]
[Site "Ottawa CAN"]
[Date "2007.02.15"]
[Round "7"]
[White "Xiong, Jerry"]
[Black "Pacey, Kevin"]
[Result "0-1"]
[WhiteElo "2227"]
[BlackElo "2241"]
[PlyCount "98"]
[GameId "2160767910739482"]
[EventDate "2007.01.04"]
[EventType "swiss"]
[EventRounds "7"]
[EventCountry "CAN"]

1. e4 c6 2. c4 d5 3. exd5 cxd5 4. Nf3 Nf6 5. cxd5 Nxd5 6. Nc3 Nc6 7. Bc4 e6 8. O-O Be7 9. Re1 O-O 10. d3 Nxc3 11. bxc3 Na5 12. Bb3 Nxb3 13. axb3 b6 14. Nd4 Bb7 15. Qg4 Bf6 16. Ra4 b5 17. Rb4 a6 18. Re3 Qd5 19. Rh3 g6 20. Ne2 a5 21. c4 Qxg2+ 22. Qxg2 Bxg2 23. Kxg2 axb4 24. c5 Ra2 25. Kf1 Rc8 26. Be3 Be7 27. d4 e5 28. dxe5 Bxc5 29. Nd4 Bxd4 30. Bxd4 Rd2 31. Bb6 Rc1+ 32. Kg2 Rc3 33. Rh4 Rxb3 34. Ba5 Rbb2 35. Rf4 g5 36. Rf5 h6 37. Kg3 Rd3+ 38. f3 b3 39. e6 fxe6 40. Rxb5 Re2 41. Kg4 Rxh2 42. Rb8+ Kf7 43. Rb7+ Kg6 44. Rb6 Rh4+ 45. Kg3 Rf4 46. Rxe6+ Rf6 47. Re8 Rdxf3+ 48. Kg2 b2 49. Rb8 Rf2+ 0-1

[Event "Remembrance Day op"]
[Site "Halifax CAN"]
[Date "2007.11.09"]
[Round "1"]
[White "Poirier, David"]
[Black "Newman, Eric"]
[Result "1-0"]
[WhiteElo "1784"]
[BlackElo "1605"]
[PlyCount "143"]
[GameId "2160767910566151"]
[EventDate "2007.11.09"]
[EventType "swiss"]
[EventRounds "8"]
[EventCountry "CAN"]

1. d4 g6 2. e3 Bg7 3. f4 Nf6 4. Bd3 d5 5. Nf3 e6 6. Nbd2 Nbd7 7. c3 a6 8. Ne5 c5 9. g3 c4 10. Bc2 b5 11. Nxd7 Bxd7 12. Qe2 Bc6 13. Kf2 h5 14. h3 Nd7 15. e4 h4 16. g4 Nf6 17. e5 Nd7 18. g5 Qb6 19. Nf3 a5 20. Be3 b4 21. Qd2 Bf8 22. Rab1 Qa6 23. Ra1 Nb6 24. Qd1 a4 25. cxb4 Bxb4 26. a3 Ba5 27. Bd2 Qb5 28. Bxa5 Rxa5 29. Rb1 Qa6 30. Qd2 Rb5 31. Rhe1 Nd7 32. Kg2 Rb6 33. Rec1 Ke7 34. Bd1 Rhb8 35. Ne1 Qb7 36. Nf3 Rxb2 37. Rxb2 Qxb2 38. Rc2 Qxa3 39. Ra2 Qd3 40. Qxd3 cxd3 41. Bxa4 Bxa4 42. Rxa4 Rb2+ 43. Kf1 Nb6 44. Ra7+ Kf8 45. Ra3 d2 46. Rd3 Nc4 47. Ke2 Rb1 48. Nxd2 Nxd2 49. Kxd2 Ke7 50. Ke2 Kd7 51. Kf2 Rc1 52. Kf3 Rg1 53. Kf2 Rc1 54. Ke2 Rg1 55. Ra3 Rg2+ 56. Ke1 Rg3 57. Rxg3 hxg3 58. h4 Kc6 59. Kf1 Kb5 60. f5 exf5 61. e6 fxe6 62. h5 gxh5 63. g6 Kc4 64. g7 h4 65. g8=Q Kxd4 66. Qxe6 f4 67. Ke2 Kc4 68. Qg4 Kc3 69. Kd1 h3 70. Qxh3 Kd3 71. Qg2 d4 72. Qf3+ 1-0

[Event "Remembrance Day op"]
[Site "Halifax CAN"]
[Date "2007.11.10"]
[Round "3"]
[White "McKay, Brian"]
[Black "Cashin, Ken"]
[Result "0-1"]
[WhiteElo "1903"]
[BlackElo "1727"]
[PlyCount "48"]
[GameId "2160767910566152"]
[EventDate "2007.11.09"]
[EventType "swiss"]
[EventRounds "8"]
[EventCountry "CAN"]

1. e4 e6 2. d4 d5 3. exd5 exd5 4. Bd3 Nf6 5. Bg5 Be7 6. Nd2 Ne4 7. Bxe7 Qxe7 8. Ne2 Nxd2 9. Qxd2 O-O 10. O-O Nd7 11. Rae1 Nf6 12. Ng3 Qd6 13. c3 Bd7 14. Qg5 h6 15. Qh4 Rae8 16. f3 Qb6 17. b3 Qa5 18. Ne2 Qxa2 19. Ra1 Qd2 20. Rfd1 Qe3+ 21. Kf1 a6 22. Ra5 Bf5 23. Nf4 Bxd3+ 24. Rxd3 Qc1+ 0-1

[Event "Remembrance Day op"]
[Site "Halifax CAN"]
[Date "2007.11.11"]
[Round "6"]
[White "Dorrance, Adam"]
[Black "Cashin, Ken"]
[Result "0-1"]
[WhiteElo "1482"]
[BlackElo "1727"]
[PlyCount "80"]
[GameId "2160767910566153"]
[EventDate "2007.11.09"]
[EventType "swiss"]
[EventRounds "8"]
[EventCountry "CAN"]

1. d4 Nf6 2. c4 g6 3. Nf3 Bg7 4. Nc3 O-O 5. Bf4 d6 6. e3 Re8 7. Be2 e6 8. O-O Nbd7 9. Bg3 e5 10. d5 a5 11. e4 Nc5 12. Bd3 Bd7 13. a3 b6 14. Qc2 a4 15. Nd2 Nh5 16. Be2 Nf4 17. Rfe1 f5 18. f3 Qg5 19. b4 axb3 20. Nxb3 h5 21. Bf1 Na4 22. Ne2 h4 23. Bxf4 exf4 24. Ned4 h3 25. Ra2 Nc5 26. Nb5 Bxb5 27. cxb5 fxe4 28. Nxc5 Bd4+ 29. Kh1 Bxc5 30. fxe4 f3 31. Qd3 Rxa3 32. Qd2 hxg2+ 33. Bxg2 fxg2+ 34. Qxg2 Qxg2+ 35. Rxg2 Kg7 36. Rge2 Re5 37. Kg2 Rb3 38. Ra1 Rxb5 39. Ra7 Re7 40. h4 Rb3 0-1

[Event "Remembrance Day op"]
[Site "Halifax CAN"]
[Date "2007.11.12"]
[Round "8"]
[White "Saunders, Robin"]
[Black "Cashin, Ken"]
[Result "0-1"]
[WhiteElo "1643"]
[BlackElo "1727"]
[PlyCount "54"]
[GameId "2160767910566154"]
[EventDate "2007.11.09"]
[EventType "swiss"]
[EventRounds "8"]
[EventCountry "CAN"]

1. e4 e6 2. Qe2 c5 3. Nf3 Nc6 4. g3 Nf6 5. d3 Be7 6. Bg2 O-O 7. O-O b5 8. h3 Bb7 9. Be3 Rc8 10. a4 a6 11. Nbd2 Nb4 12. axb5 axb5 13. c4 Nc2 14. Rac1 Nxe3 15. Qxe3 bxc4 16. dxc4 Qb6 17. e5 Ne8 18. Ne4 d5 19. exd6 Nxd6 20. Nxd6 Qxd6 21. Rfd1 Qb6 22. Rd7 Bf6 23. b3 Bxf3 24. Bxf3 Bd4 25. Qd3 Rc7 26. Rxc7 Qxc7 27. Re1 Qxg3+ 0-1

[Event "Remembrance Day op"]
[Site "Halifax CAN"]
[Date "2007.11.12"]
[Round "8"]
[White "Wysocki, Antoni"]
[Black "Ferreira, Paulo"]
[Result "1/2-1/2"]
[WhiteElo "2138"]
[BlackElo "1813"]
[PlyCount "72"]
[GameId "2160767910566155"]
[EventDate "2007.11.09"]
[EventType "swiss"]
[EventRounds "8"]
[EventCountry "CAN"]

1. c4 e5 2. g3 Nf6 3. Bg2 Nc6 4. Nc3 Bc5 5. a3 a6 6. e3 O-O 7. Nge2 Ne7 8. d4 exd4 9. exd4 Ba7 10. Bg5 Ne8 11. O-O f6 12. Bf4 Ng6 13. Be3 c6 14. Qc2 d6 15. h3 Nc7 16. Rad1 Bd7 17. f4 Ne7 18. Bf2 d5 19. c5 Re8 20. g4 f5 21. g5 Ng6 22. h4 Ne6 23. Qd2 Qc7 24. Bg3 b6 25. cxb6 Qxb6 26. b4 Rad8 27. Bh3 Nxd4 28. Nxd4 Qxd4+ 29. Qxd4 Bxd4+ 30. Rxd4 Re3 31. Nxd5 Rxg3+ 32. Kh2 Rxa3 33. Nb6 Re8 34. Rf2 Bc8 35. Nxc8 Rxc8 36. Bxf5 Rb8 1/2-1/2

[Event "Robin Girard mem"]
[Site "Quebec CAN"]
[Date "2007.09.01"]
[Round "1"]
[White "Caire, Francois"]
[Black "Robitaille, Denis"]
[Result "1-0"]
[WhiteElo "2223"]
[BlackElo "1835"]
[PlyCount "97"]
[GameId "2160767910579767"]
[EventDate "2007.09.01"]
[EventType "swiss"]
[EventRounds "5"]
[EventCountry "CAN"]
[SourceTitle "EXT 2022"]
[Source "ChessBase"]
[SourceDate "2021.10.06"]
[SourceVersion "1"]
[SourceVersionDate "2021.10.06"]
[SourceQuality "1"]

1. Nf3 g6 2. e4 Bg7 3. d4 Nf6 4. e5 Nd5 5. c4 Nb6 6. c5 Nd5 7. Bc4 c6 8. Qb3 d6 9. cxd6 exd6 10. Bxd5 cxd5 11. Qxd5 dxe5 12. Qxd8+ Kxd8 13. dxe5 Nc6 14. Bg5+ Ke8 15. O-O Be6 16. Re1 Nb4 17. Na3 a6 18. Nd4 Nd3 19. Nxe6 fxe6 20. Re3 Nxe5 21. Rae1 Kf7 22. Rxe5 Bxe5 23. Rxe5 Rac8 24. Re1 Rc6 25. Kf1 b5 26. b3 Rhc8 27. Rd1 Ke8 28. Ke2 Rc5 29. Be3 R5c6 30. Bg5 Rc5 31. Be3 R5c6 32. Kf3 Ke7 33. Bg5+ Ke8 34. Ke4 R8c7 35. Rd8+ Kf7 36. Bf4 Rc8 37. Rd7+ Kg8 38. h4 Rf8 39. Bh6 Rf5 40. Rd8+ Kf7 41. Rh8 a5 42. g4 Rd5 43. Rxh7+ Ke8 44. Rg7 a4 45. bxa4 b4 46. Nb5 Rc4+ 47. Kf3 Rd3+ 48. Ke2 Rh3 49. Nd6+ 1-0

[Event "Robin Girard mem"]
[Site "Quebec CAN"]
[Date "2007.09.01"]
[Round "1"]
[White "Cote, Jocelyn"]
[Black "Audet-Bouchard, Nicolas"]
[Result "0-1"]
[WhiteElo "1803"]
[BlackElo "2134"]
[PlyCount "72"]
[GameId "2160767910579768"]
[EventDate "2007.09.01"]
[EventType "swiss"]
[EventRounds "5"]
[EventCountry "CAN"]
[SourceTitle "EXT 2022"]
[Source "ChessBase"]
[SourceDate "2021.10.06"]
[SourceVersion "1"]
[SourceVersionDate "2021.10.06"]
[SourceQuality "1"]

1. e4 c5 2. Nc3 Nc6 3. g3 g6 4. Bg2 Bg7 5. d3 e6 6. f4 d6 7. Nf3 Nge7 8. O-O O-O 9. Be3 Nd4 10. Nh4 Rb8 11. Qd2 Qa5 12. Nd5 Qd8 13. Nxe7+ Qxe7 14. c3 Nc6 15. f5 Ne5 16. Bh3 b5 17. Bh6 exf5 18. exf5 f6 19. Bxg7 Kxg7 20. Rae1 Qc7 21. Re2 g5 22. Nf3 Bb7 23. Nxg5 fxg5 24. Qxg5+ Kh8 25. f6 Rbe8 26. Re3 Qf7 27. d4 Ng6 28. dxc5 Rxe3 29. Qxe3 Qd5 30. Qd4 Qh1+ 31. Kf2 Qxh2+ 32. Ke1 Qxh3 33. cxd6 Qxg3+ 34. Kd1 Bf3+ 35. Rxf3 Qxf3+ 36. Kc2 Qe2+ 0-1

[Event "Robin Girard mem"]
[Site "Quebec CAN"]
[Date "2007.09.01"]
[Round "1"]
[White "Dion, Jean-Francois"]
[Black "Tremblay, Rejean"]
[Result "1-0"]
[WhiteElo "1881"]
[BlackElo "2253"]
[PlyCount "59"]
[GameId "2160767910579769"]
[EventDate "2007.09.01"]
[EventType "swiss"]
[EventRounds "5"]
[EventCountry "CAN"]
[SourceTitle "EXT 2022"]
[Source "ChessBase"]
[SourceDate "2021.10.06"]
[SourceVersion "1"]
[SourceVersionDate "2021.10.06"]
[SourceQuality "1"]

1. f4 g6 2. Nf3 Bg7 3. e3 d6 4. Be2 c5 5. O-O Nf6 6. Nc3 O-O 7. b3 Nc6 8. Bb2 Nd5 9. Bc4 Nxc3 10. Bxc3 Bxc3 11. dxc3 Na5 12. Be2 Nc6 13. Bc4 e6 14. e4 Qa5 15. Qd2 Kg7 16. a4 Rd8 17. Rad1 a6 18. f5 exf5 19. Ng5 Ne5 20. Bd5 f6 21. exf5 fxg5 22. f6+ Kh8 23. f7 Bg4 24. Qxg5 Kg7 25. Qf6+ Kh6 26. Qh4+ Bh5 27. Qf4+ g5 28. Qf6+ Bg6 29. h4 gxh4 30. Rf4 1-0

[Event "Robin Girard mem"]
[Site "Quebec CAN"]
[Date "2007.09.01"]
[Round "1"]
[White "Drolet, Stephane"]
[Black "Dorion, Francois"]
[Result "1-0"]
[WhiteElo "2132"]
[BlackElo "1742"]
[PlyCount "65"]
[GameId "2160767910579770"]
[EventDate "2007.09.01"]
[EventType "swiss"]
[EventRounds "5"]
[EventCountry "CAN"]
[SourceTitle "EXT 2022"]
[Source "ChessBase"]
[SourceDate "2021.10.06"]
[SourceVersion "1"]
[SourceVersionDate "2021.10.06"]
[SourceQuality "1"]

1. Nf3 Nf6 2. c4 d6 3. d4 Bf5 4. Qb3 Qc8 5. Nc3 h6 6. g3 Nbd7 7. Bg2 c6 8. O-O e5 9. Re1 Be7 10. e4 Bh7 11. Qd1 O-O 12. b3 Qc7 13. Ba3 Rfe8 14. Rc1 Rad8 15. d5 Nf8 16. Nd2 g5 17. Bh3 Ng6 18. Nf1 Bf8 19. Ne3 h5 20. f3 a6 21. Rc2 h4 22. Bc1 Nh5 23. Nf5 f6 24. f4 Nhxf4 25. gxf4 exf4 26. Nd4 Qb6 27. Kh1 Ne5 28. Ne6 Rb8 29. Rg1 Bg6 30. Bxf4 gxf4 31. Rcg2 Bg7 32. Rxg6 Nxg6 33. Rxg6 1-0

[Event "Robin Girard mem"]
[Site "Quebec CAN"]
[Date "2007.09.01"]
[Round "1"]
[White "Gaudreau, Eric"]
[Black "Groleau, Gilles"]
[Result "1-0"]
[WhiteElo "1627"]
[BlackElo "1988"]
[PlyCount "49"]
[GameId "2160767910579771"]
[EventDate "2007.09.01"]
[EventType "swiss"]
[EventRounds "5"]
[EventCountry "CAN"]
[SourceTitle "EXT 2022"]
[Source "ChessBase"]
[SourceDate "2021.10.06"]
[SourceVersion "1"]
[SourceVersionDate "2021.10.06"]
[SourceQuality "1"]

1. e4 c5 2. c3 e6 3. d4 d5 4. e5 Nc6 5. Nf3 Qb6 6. a3 cxd4 7. cxd4 Bd7 8. Nc3 f6 9. exf6 Nxf6 10. Bd3 Be7 11. b4 O-O 12. O-O Rac8 13. Na4 Qc7 14. Bb2 Ng4 15. h3 Rxf3 16. hxg4 Rf7 17. Rc1 Bg5 18. Rc3 Qd8 19. Nc5 b6 20. Nxd7 Rxd7 21. Bb5 Rdc7 22. Ba6 Rb8 23. Bc1 Bxc1 24. Qxc1 Nxd4 25. Rxc7 1-0

[Event "Robin Girard mem"]
[Site "Quebec CAN"]
[Date "2007.09.02"]
[Round "1"]
[White "Lessard, Claude"]
[Black "Fortier, Bertrand"]
[Result "1-0"]
[WhiteElo "1981"]
[BlackElo "1596"]
[PlyCount "41"]
[GameId "2160767910579772"]
[EventDate "2007.09.01"]
[EventType "swiss"]
[EventRounds "5"]
[EventCountry "CAN"]
[SourceTitle "EXT 2022"]
[Source "ChessBase"]
[SourceDate "2021.10.06"]
[SourceVersion "1"]
[SourceVersionDate "2021.10.06"]
[SourceQuality "1"]

1. e4 c6 2. d4 d5 3. exd5 cxd5 4. c4 Nf6 5. Nc3 e6 6. Nf3 Be7 7. c5 O-O 8. Bf4 Nc6 9. a3 a6 10. Bd3 g6 11. h3 Nh5 12. Bh2 Ng7 13. O-O Re8 14. Na4 Bf6 15. Nb6 Ra7 16. Bc2 Be7 17. Ne5 Nxe5 18. Bxe5 Bd7 19. Nxd7 Qxd7 20. Ba4 Qc8 21. Bxe8 1-0

[Event "Robin Girard mem"]
[Site "Quebec CAN"]
[Date "2007.08.31"]
[Round "2"]
[White "Tremblay, Rejean"]
[Black "Lavoie, Mario"]
[Result "1-0"]
[WhiteElo "2253"]
[BlackElo "1733"]
[PlyCount "119"]
[GameId "2160767910579773"]
[EventDate "2007.09.01"]
[EventType "swiss"]
[EventRounds "5"]
[EventCountry "CAN"]

1. d4 d5 2. c4 e6 3. Nc3 Nf6 4. Bg5 Be7 5. Rc1 c6 6. e3 Nbd7 7. Nf3 Ne4 8. Bxe7 Qxe7 9. Nxe4 dxe4 10. Nd2 f5 11. c5 O-O 12. Nc4 Nf6 13. Be2 Rb8 14. Qa4 a6 15. O-O Nd5 16. f3 Qg5 17. f4 Qh4 18. Qa3 Rf6 19. Rf2 Bd7 20. Ne5 Be8 21. Bc4 Rh6 22. g3 Qe7 23. Bxd5 exd5 24. Rc3 Re6 25. Rb3 Rc8 26. Qb4 Rc7 27. Qa5 h5 28. h4 Rh6 29. Rc2 g6 30. Rcc3 Rh7 31. Rb4 Rg7 32. a3 Kh7 33. Kf2 Kh6 34. Qb6 Kh7 35. Rc2 Kg8 36. Qa7 Kh7 37. Rb6 Kh6 38. Qb8 Kh7 39. Kg2 Kh6 40. Kh3 Kh7 41. Rc3 Kh6 42. a4 Kh7 43. Rc2 Kh6 44. b4 Kh7 45. Rb2 Kh6 46. Rc2 Kh7 47. Ra2 Rg8 48. Qa7 Rg7 49. b5 axb5 50. axb5 cxb5 51. Rd6 Bc6 52. Qb6 Qe8 53. Ra7 Qc8 54. Qa5 Rg8 55. Kg2 Kh6 56. Ra8 Qxa8 57. Qxc7 Rg7 58. Nf7+ Rxf7 59. Qxf7 Qe8 60. Rxg6# 1-0

[Event "Robin Girard mem"]
[Site "Quebec CAN"]
[Date "2007.09.02"]
[Round "2"]
[White "Audet-Bouchard, Nicolas"]
[Black "Lessard, Claude"]
[Result "1/2-1/2"]
[WhiteElo "2134"]
[BlackElo "1981"]
[PlyCount "79"]
[GameId "2160767910579774"]
[EventDate "2007.09.01"]
[EventType "swiss"]
[EventRounds "5"]
[EventCountry "CAN"]
[SourceTitle "EXT 2022"]
[Source "ChessBase"]
[SourceDate "2021.10.06"]
[SourceVersion "1"]
[SourceVersionDate "2021.10.06"]
[SourceQuality "1"]

1. e4 g6 2. d4 Bg7 3. Nc3 c5 4. dxc5 Qa5 5. Bd2 Qxc5 6. Nf3 e6 7. Bd3 Ne7 8. O-O a6 9. e5 d5 10. exd6 Qxd6 11. Ne4 Qc7 12. Bc3 e5 13. Nd6+ Kf8 14. Bc4 f6 15. Bb3 h5 16. Nxc8 Qxc8 17. Bb4 Nbc6 18. Qd5 Qe8 19. Bd6 Bh6 20. Qe6 Kg7 21. Rad1 Nf5 22. Bc5 Qxe6 23. Bxe6 Rad8 24. Bxf5 gxf5 25. Nh4 f4 26. Bb6 Rxd1 27. Rxd1 Bg5 28. Rd7+ Kh6 29. Nf3 Rh7 30. Rd6 Kg6 31. Nxg5 Kxg5 32. Kf1 Kf5 33. f3 Re7 34. a3 Re6 35. Rxe6 Kxe6 36. Ke2 f5 37. Kd3 Kd5 38. c4+ Ke6 39. b4 Ne7 40. Bc7 1/2-1/2

[Event "Robin Girard mem"]
[Site "Quebec CAN"]
[Date "2007.09.02"]
[Round "2"]
[White "Caron, Sebastien"]
[Black "Drolet, Stephane"]
[Result "1/2-1/2"]
[WhiteElo "1913"]
[BlackElo "2132"]
[PlyCount "79"]
[GameId "2160767910579775"]
[EventDate "2007.09.01"]
[EventType "swiss"]
[EventRounds "5"]
[EventCountry "CAN"]
[SourceTitle "EXT 2022"]
[Source "ChessBase"]
[SourceDate "2021.10.06"]
[SourceVersion "1"]
[SourceVersionDate "2021.10.06"]
[SourceQuality "1"]

1. e4 Nc6 2. Nf3 g6 3. d4 Bg7 4. c4 d6 5. h3 e5 6. d5 Nd4 7. Be3 Nxf3+ 8. Qxf3 Ne7 9. Bd3 O-O 10. Nc3 f5 11. Qe2 Kh8 12. f3 Ng8 13. O-O-O Bh6 14. Bxh6 Nxh6 15. g4 Qh4 16. Qe1 Qxe1 17. Rdxe1 fxg4 18. fxg4 Bd7 19. g5 Nf7 20. h4 Kg7 21. Bf1 a6 22. Bh3 Bxh3 23. Rxh3 h6 24. gxh6+ Kxh6 25. Rf1 Nh8 26. Rhh1 Rxf1+ 27. Rxf1 Kh5 28. c5 Rd8 29. cxd6 cxd6 30. Rf6 Kxh4 31. Re6 Rd7 32. Na4 Kh5 33. Nb6 Rc7+ 34. Kd2 Nf7 35. Na8 Rd7 36. Nb6 Rc7 37. b3 g5 38. Na8 Rd7 39. Nb6 Rc7 40. Na8 1/2-1/2

[Event "Robin Girard mem"]
[Site "Quebec CAN"]
[Date "2007.09.02"]
[Round "2"]
[White "Chiffot, Nicolas"]
[Black "Auger, Bertrand"]
[Result "0-1"]
[WhiteElo "1884"]
[BlackElo "2024"]
[PlyCount "34"]
[GameId "2160767910579776"]
[EventDate "2007.09.01"]
[EventType "swiss"]
[EventRounds "5"]
[EventCountry "CAN"]
[SourceTitle "EXT 2022"]
[Source "ChessBase"]
[SourceDate "2021.10.06"]
[SourceVersion "1"]
[SourceVersionDate "2021.10.06"]
[SourceQuality "1"]

1. d4 e6 2. Nf3 Nf6 3. e3 b6 4. Bd3 Bb7 5. O-O Be7 6. Nbd2 d5 7. b3 O-O 8. Bb2 Nbd7 9. Ne5 c5 10. f4 Qc7 11. Qf3 c4 12. Nxd7 Qxd7 13. Bxh7+ Nxh7 14. Qh3 c3 15. Bxc3 Rfc8 16. e4 dxe4 17. Rac1 Bf6 0-1

[Event "Robin Girard mem"]
[Site "Quebec CAN"]
[Date "2007.09.02"]
[Round "2"]
[White "Robitaille, Denis"]
[Black "Monga, Alain"]
[Result "1-0"]
[WhiteElo "1835"]
[BlackElo "1671"]
[PlyCount "53"]
[GameId "2160767910579777"]
[EventDate "2007.09.01"]
[EventType "swiss"]
[EventRounds "5"]
[EventCountry "CAN"]
[SourceTitle "EXT 2022"]
[Source "ChessBase"]
[SourceDate "2021.10.06"]
[SourceVersion "1"]
[SourceVersionDate "2021.10.06"]
[SourceQuality "1"]

1. Nf3 Nf6 2. c4 c6 3. g3 d5 4. d4 e6 5. Bg2 Nbd7 6. O-O Be7 7. b3 b6 8. Nbd2 Bb7 9. Bb2 Rc8 10. Ne5 Rc7 11. e4 dxe4 12. Nxe4 Nxe5 13. Nxf6+ Bxf6 14. dxe5 Qxd1 15. Raxd1 Be7 16. Rd3 c5 17. Rfd1 h5 18. h4 Rh6 19. Bc1 Rg6 20. Bxb7 Rxb7 21. Kf1 Rg4 22. Bf4 Rb8 23. f3 Rg6 24. g4 Bxh4 25. gxh5 Rg3 26. Bxg3 Bxg3 27. Re3 1-0

[Event "Robin Girard mem"]
[Site "Quebec CAN"]
[Date "2007.09.01"]
[Round "3"]
[White "Guy, Philippe"]
[Black "Tremblay, Rejean"]
[Result "0-1"]
[WhiteElo "1730"]
[BlackElo "2253"]
[PlyCount "120"]
[GameId "2160767910579778"]
[EventDate "2007.09.01"]
[EventType "swiss"]
[EventRounds "5"]
[EventCountry "CAN"]
[SourceTitle "EXT 2022"]
[Source "ChessBase"]
[SourceDate "2021.10.06"]
[SourceVersion "1"]
[SourceVersionDate "2021.10.06"]
[SourceQuality "1"]

1. Nf3 Nf6 2. g3 g6 3. Bg2 Bg7 4. d3 O-O 5. Nbd2 d6 6. O-O e5 7. c3 Nbd7 8. a4 c6 9. a5 a6 10. Nc4 Qc7 11. Be3 d5 12. Nb6 Nxb6 13. Bxb6 Qe7 14. Nd2 Be6 15. e4 Rac8 16. Be3 Rfd8 17. Qc2 Qd6 18. Rfd1 d4 19. cxd4 exd4 20. Bg5 Re8 21. Nf1 Nd7 22. Qd2 Nc5 23. Qf4 Qxf4 24. Bxf4 Bb3 25. Rd2 Bf8 26. Bh3 Be6 27. Bxe6 fxe6 28. Rdd1 e5 29. Bc1 Nb3 30. Ra2 c5 31. Nd2 Nxd2 32. Bxd2 c4 33. dxc4 Rxc4 34. Kf1 Bd6 35. b3 Rc7 36. Ke2 Kg7 37. h4 Rf7 38. Be1 Rc8 39. Rd3 Rfc7 40. f3 Rc2+ 41. Rxc2 Rxc2+ 42. Kd1 Ra2 43. g4 Ra1+ 44. Ke2 Bc7 45. f4 Kf6 46. f5 gxf5 47. gxf5 Bxa5 48. b4 Bc7 49. Rg3 Ra2+ 50. Kf1 Bd6 51. Rb3 b5 52. Rb1 h5 53. Rb3 Kf7 54. Rg3 Rb2 55. Rg6 Bxb4 56. Bxb4 Rxb4 57. Rxa6 d3 58. Ra7+ Kf8 59. Rd7 Rxe4 60. Rxd3 Ke7 0-1

[Event "Robin Girard mem"]
[Site "Quebec CAN"]
[Date "2007.09.02"]
[Round "3"]
[White "Caire, Francois"]
[Black "Sauve, Richard"]
[Result "1-0"]
[WhiteElo "2223"]
[BlackElo "2005"]
[PlyCount "45"]
[GameId "2160767910579779"]
[EventDate "2007.09.01"]
[EventType "swiss"]
[EventRounds "5"]
[EventCountry "CAN"]
[SourceTitle "EXT 2022"]
[Source "ChessBase"]
[SourceDate "2021.10.06"]
[SourceVersion "1"]
[SourceVersionDate "2021.10.06"]
[SourceQuality "1"]

1. d4 e6 2. Nf3 d5 3. c4 c6 4. Qc2 Nf6 5. g3 Nbd7 6. Bg2 Be7 7. O-O O-O 8. b3 b5 9. Bf4 Bb7 10. Nbd2 Qa5 11. e4 dxe4 12. Nxe4 Nxe4 13. Qxe4 bxc4 14. bxc4 Nf6 15. Qe2 Rfd8 16. Rfd1 Nd7 17. h4 Bf6 18. Ne5 Bxe5 19. dxe5 Qc7 20. Rd6 c5 21. Bxb7 Qxb7 22. Rad1 Kf8 23. Bg5 1-0